| 000 | 00747cam a2200229 4500 | ||
|---|---|---|---|
| 001 | ABS62332 | ||
| 008 | 000000n2000 000 0 eng u | ||
| 035 | _a(Sirsi) u106025 | ||
| 100 | _aCampbell, R. | ||
| 245 | 2 | _aA decent home for all | |
| 260 | _c2000 | ||
| 490 |
_aLegal Action _vMay 2000, 8-9(2) |
||
| 520 | _aSummarises the key proposals of the housing green paper, "Quality and Choice: a decent home for all", which sets out government strategy for housing in the context of the wider social agenda. | ||
| 590 | _aABS | ||
| 650 | _aGREEN PAPER | ||
| 650 | _aHOUSING POLICY | ||
| 650 | _aSOCIAL HOUSING | ||
| 650 | _aSOCIAL RENTED SECTOR | ||
| 650 | _aHOUSING ASSOCIATIONS | ||
| 690 |
_aAffordable housing _96215 |
||
| 942 | _n0 | ||
| 999 |
_c63503 _d63503 |
||